| 000 | 00765nam a22002297a 4500 | ||
|---|---|---|---|
| 999 |
_c1070 _d1070 |
||
| 003 | AR-CdUCM | ||
| 008 | 190226b ||||| |||| 00| 0 spa d | ||
| 020 | _a963 13 2166 5 | ||
| 040 |
_aMUNICIPALIDAD PROVINCIAL DEL CUSCO _cBIBLIOTECA MUNICIPAL DEL CUSCO |
||
| 082 |
_a943.91 / _bC88 |
||
| 100 |
_aCsizmadia, Erno _94177 |
||
| 245 |
_aLa politica agropecuaria de Hungria / _cSzekely, Magda |
||
| 260 |
_aHungary : _bKossuth _c1985 |
||
| 300 |
_a213 paginas ; _c20 cm. _e14 ilustraciones. |
||
| 505 | _aEn el centro de Europa -- La vida economica -- Las cooperativas ... | ||
| 650 |
_aAgropecuaria. _94178 |
||
| 650 |
_aEscolaridad. _94179 |
||
| 650 |
_aRentabilidad. _94180 |
||
| 650 |
_aExportaciones. _94181 |
||
| 942 |
_2ddc _cLIBROS |
||
| 945 |
_aacrt _d2019-02-26 |
||